Statistics for Soccer players #2

Click here to take the quiz!

General Stats

  • This quiz has been taken 45 times
    (30 since last reset)
  • The average score is 50 of 75

Answer Stats

PlayerCurrent Club% Correct
Manuel NeuerBayern
92%
Marek HamsikNaples
92%
Heung-min SonTottenham Hotspur
92%
Arturo VidalBayern Munich
88%
Blaise MatuidiFrance
88%
Manuel NeuerGermany
88%
Miralem PjanicJuventus
88%
Blaise MatuidiParis Saint-Germain
88%
Heung-min SonSouth Korea
88%
David VillaSpain
88%
Miralem PjanicBosnia
84%
Arturo VidalChile
84%
Memphis DepayNetherlands
84%
Marek HamsikSlovakia
84%
Diego GodinUruguay
84%
Manuel Neuer0
80%
Manuel Neuer1986
80%
Diego GodinAtletico Madrid
80%
Luiz GustavoBrazil
80%
Kostas ManolasGreece
80%
Arturo VidalJuventus
80%
Memphis DepayManchester United
80%
Alvaro ArbeloaSpain
80%
Blaise Matuidi1987
76%
Arturo Vidal1987
76%
Marek Hamsik1987
76%
Miralem Pjanic1990
76%
Heung-min Son1992
76%
Memphis Depay1994
76%
Diego Godin8
76%
Kostas ManolasAS Roma
76%
Samuel Eto'oCameroon
76%
Memphis DepayPSV Eindhoven
76%
Manuel NeuerSchalke 04
76%
Kostas Manolas0
72%
David Villa1981
72%
Diego Godin1986
72%
Luiz Gustavo1987
72%
Yacine Brahimi1990
72%
Kostas Manolas1991
72%
Miralem PjanicAS Roma
72%
Alvaro Arbeloa0
68%
Arturo Vidal17
68%
Marek Hamsik19
68%
Alvaro Arbeloa1983
68%
Luiz Gustavo2
68%
Memphis Depay3
68%
Blaise Matuidi8
68%
Luiz GustavoWolfsburg
68%
Miralem Pjanic11
64%
Heung-min Son16
64%
Samuel Eto'o1981
64%
Burak Yilmaz1985
64%
David VillaNew York City FC
64%
Burak YilmazTurkey
64%
Samuel Eto'o56
60%
David Villa59
60%
Yacine Brahimi7
60%
Yacine BrahimiAlgeria
60%
Alvaro ArbeloaReal Madrid
60%
Heung-min SonBayer Leverkusen
56%
David VillaMelbourne City
56%
Yacine BrahimiPorto
56%
Burak Yilmaz21
44%
Luiz GustavoBayern
44%
Kostas ManolasOlympiacos
40%
Alvaro ArbeloaLiverpool
36%
Burak YilmazGalatasaray
32%
Samuel Eto'oAntalyaspor
28%
Samuel Eto'oSampdoria
24%
Blaise MatuidiSaint-Etienne
20%
Diego GodinVillarreal
20%
Marek HamsikBrescia
16%
Yacine BrahimiGranada
12%
Burak YilmazBeijing Guoan
8%

Score Distribution

Percentile by Number Answered

Percent of People with Each Score

Your Score History

You have not taken this quiz since the last reset